000
00312nam a22001457a 4500
008
210301b ||||| |||| 00| 0 eng d
020
_a
9780789738042
041
_a
eng
080
_2
2nd
_a
004
082
_a
004
100
_a
28
101
_a
SHKI
245
_a
Comptia Security+
_c
Barret, D
942
_2
udc
_c
BK
999
_c
55416
_d
55416